00507nam a22001937a 450000500170000001000130001702000190003003500130004903700160006204000120007808200170009010000180010724500520012526000360017727000370021330000210025065000210027165000210029220170124110019.0 aA-799717 c50.00a515.243 aA-799717 bCen Lib/Ret aDPLbEN a515.243bSHA aSharma, J. N. aInfinite series and products /cby J. N. Sharma aMeerutbKrishna prakashanc1995 a11, Shivaji RoadbMeerute250001 a292p. c20cm(Hb) aSeries, Infinite aSeries-Functions